Implementación a escala de laboratorio de una red de transporte con tecnología mixta SDH-IP.
Presenta una implementación de redes de Transporte mixta basada en tecnología SDH y tecnología IP utilizando equipos de baja jerarquía.
| Main Author: | |
|---|---|
| Other Authors: | |
| Format: | Tesis Section = Libro |
| Language: | Undetermined Spanish |
| Published: |
Managua
UNI
2015
|
| Subjects: |
| LEADER | 01028nam a2200277Ia 4500 | ||
|---|---|---|---|
| 008 | 240830s9999 xx 000 0 und d | ||
| 040 | |a BIBLIOTECA-RUSB/ Mon 621.382 E74 | ||
| 041 | |a spa | ||
| 082 | |a Mon 621.382 E74 | ||
| 100 | 1 | |a Escobar Torres, Alejandro Túpac | |
| 100 | 1 | |b Escobar Torres, Alejandro Túpac | |
| 245 | 1 | 0 | |a Implementación a escala de laboratorio de una red de transporte con tecnología mixta SDH-IP. |
| 260 | |a Managua |b UNI |c 2015 | ||
| 300 | |a 120 p. :il. | ||
| 500 | |a Contiene: anexos. | ||
| 502 | |a Tesis (Ingeniero Electrónico) - UNI, 2015. | ||
| 520 | 3 | |a Presenta una implementación de redes de Transporte mixta basada en tecnología SDH y tecnología IP utilizando equipos de baja jerarquía. | |
| 650 | 7 | |a TELECOMUNICACIONES | |
| 650 | 7 | |b TECNOLOGIA DE INFORMACION Y COMUNICACION | |
| 650 | 7 | |c SERVICIOS DE TELEFONIA | |
| 650 | 7 | |d INTERNET | |
| 650 | 7 | |e REDES SDH-IP | |
| 700 | 1 | |a Tutor: |b Martínez Zapata, Oscar Napoleón | |
| 942 | |c BK |2 ddc | ||
| 991 | |a TESIS | ||
| 999 | |c 20260 | ||